[Event "XIII Closed IM BCC 2021"]
[Site "Barcelona"]
[Date "2021.04.09"]
[Round "5.2"]
[White "Boyer, Mahel"]
[Black "Martinez Fernandez, Adrian"]
[Result "1-0"]
[WhiteElo "2333"]
[BlackElo "2369"]
[Annotator "NA"]
[PlyCount "101"]
[EventDate "2021.04.05"]
[EventType "tourn"]
[EventCountry "ESP"]
[SourceTitle "playchess.com"]
[Source "ChessBase"]
[SourceQuality "1"]
[TimeControl "5400+30"]

1. d4 {[%emt 0:00:00]} d5 {[%emt 0:00:51]} 2. Nf3 {[%emt 0:00:52]} Nf6 {[%emt 0:00:17]} 3. Bf4 {[%emt 0:00:41]} c5 {[%emt 0:00:13]} 4. e3 {[%emt 0:00:15]} Nc6 {[%emt 0:00:07]} 5. Nbd2 {[%emt 0:00:15]} Qb6 {[%emt 0:00:11]} 6. dxc5 {[%emt 0:00:39]} Qxb2 {[%emt 0:00:42]} 7. Rb1 {[%emt 0:00:06]} Qc3 {[%emt 0:00:40]} 8. Bb5 {[%emt 0:02:08]} e6 {[%emt 0:02:27]} 9. Ne5 {[%emt 0:02:12]} Bd7 {[%emt 0:01:51]} 10. Rb3 {[%emt 0:34:13]} Qa5 {[%emt 0:07:27]} 11. c4 {[%emt 0:15:58]} Bxc5 {[%emt 0:33:13]} 12. O-O {[%emt 0:01:33]} Nxe5 {[%emt 0:12:01]} 13. Bxe5 {[%emt 0:00:14]} Bb4 {[%emt 0:00:04]} 14. Bxf6 {[%emt 0:08:47]} Bxb5 {[%emt 0:01:02]} 15. Bxg7 {[%emt 0:01:14]} Rg8 {[%emt 0:04:51]} 16. a3 {[%emt 0:06:53]} dxc4 {[%emt 0:12:58]} 17. Rxb4 {[%emt 0:06:53]} Rxg7 {[%emt 0:00:30]} 18. Ne4 {[%emt 0:05:02]} Bc6 {[%emt 0:03:44]} 19. Qd4 {[%emt 0:00:40]} Kf8 {[%emt 0:08:12]} 20. f3 {[%emt 0:00:40]} Rd8 {[%emt 0:02:22]} 21. Qxc4 {[%emt 0:00:48]} Bxe4 {[%emt 0:01:56]} 22. Qxe4 {[%emt 0:00:16]} Rd2 {[%emt 0:02:03]} 23. Rf2 {[%emt 0:05:00]} Rd1+ {[%emt 0:00:07]} 24. Rf1 {[%emt 0:00:01]} Rd2 {[%emt 0:00:00]} 25. Rf2 {[%emt 0:00:44]} Qxa3 {[%emt 0:00:55]} 26. g3 {[%emt 0:04:04]} Qc1+ {[%emt 0:00:47]} 27. Rf1 {[%emt 0:00:19]} Rd1 {[%emt 0:00:39]} 28. Rxd1 {[%emt 0:00:04]} Qxd1+ {[%emt 0:00:02]} 29. Kg2 {[%emt 0:00:05]} Qe2+ {[%emt 0:00:09]} 30. Kg1 {[%emt 0:00:20]} Qe1+ {[%emt 0:00:08]} 31. Kg2 {[%emt 0:00:03]} Qe2+ {[%emt 0:00:01]} 32. Kg1 {[%emt 0:00:05]} Qd1+ {[%emt 0:02:08]} 33. Kg2 {[%emt 0:00:11]} Qd2+ {[%emt 0:00:42]} 34. Kg1 {[%emt 0:02:39]} f5 {[%emt 0:00:58]} 35. Qf4 {[%emt 0:00:13]} Qe1+ {[%emt 0:01:58]} 36. Kg2 {[%emt 0:00:03]} Qe2+ {[%emt 0:00:01]} 37. Kh3 {[%emt 0:00:16]} Qf1+ {[%emt 0:00:24]} 38. Kh4 {[%emt 0:00:02]} Re7 {[%emt 0:01:32]} 39. Qh6+ {[%emt 0:00:34]} Ke8 {[%emt 0:00:38]} 40. Qh5+ {[%emt 0:00:07]} Kd8 {[%emt 0:00:35]} 41. Qg5 {[%emt 0:01:15]} Qxf3 42. Rd4+ {[%emt 0:00:05]} Qd5 {[%emt 0:00:59]} 43. Rxd5+ {[%emt 0:00:09]} exd5 {[%emt 0:00:00]} 44. Qg8+ {[%emt 0:00:28]} Kc7 {[%emt 0:00:19]} 45. Qxd5 {[%emt 0:00:05]} b6 {[%emt 0:00:33]} 46. Qxf5 {[%emt 0:00:04]} a5 {[%emt 0:00:01]} 47. e4 {[%emt 0:00:47]} a4 {[%emt 0:00:38]} 48. e5 {[%emt 0:00:04]} a3 49. Qf6 {[%emt 0:00:32]} Kd7 {[%emt 0:01:50]} 50. Qd6+ {[%emt 0:00:05]} Ke8 {[%emt 0:00:04]} 51. e6 {[%emt 0:00:05]} 1-0

[Event "XIII Closed IM BCC 2021"]
[Site "Barcelona"]
[Date "2021.04.09"]
[Round "5.3"]
[White "Ruperez, Miguel"]
[Black "Martin Barcelo, Carles"]
[Result "1/2-1/2"]
[WhiteElo "2121"]
[BlackElo "2201"]
[Annotator "NA"]
[PlyCount "88"]
[EventDate "2021.04.05"]
[EventType "tourn"]
[EventCountry "ESP"]
[SourceTitle "playchess.com"]
[Source "ChessBase"]
[SourceQuality "1"]
[TimeControl "5400+30"]

1. d4 {[%emt 0:00:00]} Nf6 {[%emt 0:00:00]} 2. c4 {[%emt 0:00:00]} g6 {[%emt 0:00:32]} 3. g3 {[%emt 0:00:35]} Bg7 {[%emt 0:00:38]} 4. Bg2 {[%emt 0:00:12]} O-O {[%emt 0:00:12]} 5. Nc3 {[%emt 0:00:50]} d6 {[%emt 0:01:19]} 6. Nf3 {[%emt 0:00:30]} Bf5 {[%emt 0:03:37]} 7. Nh4 {[%emt 0:03:34]} Bc8 {[%emt 0:01:19]} 8. Nf3 {[%emt 0:04:08]} Bf5 {[%emt 0:06:16]} 9. Nh4 {[%emt 0:03:07]} Bc8 {[%emt 0:00:39]} 10. O-O {[%emt 0:01:28]} c6 {[%emt 0:04:43]} 11. e4 {[%emt 0:04:17]} e5 {[%emt 0:04:59]} 12. d5 {[%emt 0:00:59]} cxd5 {[%emt 0:02:45]} 13. cxd5 {[%emt 0:01:27]} Na6 {[%emt 0:09:23]} 14. h3 {[%emt 0:16:00]} Bd7 {[%emt 0:03:10]} 15. Be3 {[%emt 0:02:19]} b5 {[%emt 0:03:41]} 16. Qe2 {[%emt 0:06:13]} Nc7 {[%emt 0:03:48]} 17. b4 {[%emt 0:03:07]} a5 {[%emt 0:05:35]} 18. a3 {[%emt 0:02:25]} Nfe8 {[%emt 0:06:12]} 19. Bb6 {[%emt 0:08:07]} a4 {[%emt 0:04:47]} 20. Rac1 {[%emt 0:05:37]} Rb8 {[%emt 0:10:08]} 21. Be3 {[%emt 0:00:50]} Na8 {[%emt 0:00:31]} 22. Nf3 {[%emt 0:04:36]} f5 {[%emt 0:03:29]} 23. Bg5 {[%emt 0:01:37]} Qb6 {[%emt 0:04:03]} 24. exf5 {[%emt 0:08:09]} gxf5 {[%emt 0:02:19]} 25. Kh2 {[%emt 0:00:56]} Rc8 {[%emt 0:06:29]} 26. Qd2 {[%emt 0:06:19]} e4 {[%emt 0:02:48]} 27. Be3 {[%emt 0:07:57]} exf3 {[%emt 0:02:17]} 28. Bxb6 {[%emt 0:00:07]} fxg2 {[%emt 0:00:04]} 29. Kxg2 {[%emt 0:02:18]} Nxb6 {[%emt 0:00:06]} 30. Ne2 {[%emt 0:02:06]} Nf6 {[%emt 0:01:24]} 31. Nf4 {[%emt 0:01:14]} Nc4 {[%emt 0:02:38]} 32. Qd3 {[%emt 0:00:51]} Bh6 {[%emt 0:03:25]} 33. Rfe1 {[%emt 0:01:42]} Bxf4 {[%emt 0:01:16]} 34. gxf4 {[%emt 0:00:01]} Kf7 {[%emt 0:00:28]} 35. Kh2 {[%emt 0:02:13]} Rg8 {[%emt 0:01:24]} 36. Qd4 {[%emt 0:01:03]} Rce8 {[%emt 0:00:27]} 37. Qa7 {[%emt 0:00:52]} Rxe1 {[%emt 0:00:41]} 38. Rxe1 {[%emt 0:00:06]} Re8 {[%emt 0:00:24]} 39. Rg1 {[%emt 0:00:58]} Rg8 {[%emt 0:00:22]} 40. Re1 {[%emt 0:00:13]} Re8 {[%emt 0:00:04]} 41. Rg1 {[%emt 0:00:07]} Nd2 {[%emt 0:00:27]} 42. Rc1 {[%emt 0:01:02]} Rg8 {[%emt 0:00:41]} 43. Qe3 {[%emt 0:00:35]} Nc4 {[%emt 0:00:21]} 44. Qa7 {[%emt 0:00:38]} Re8 {[%emt 0:01:12]} 1/2-1/2

[Event "XIII Closed IM BCC 2021"]
[Site "Barcelona"]
[Date "2021.04.09"]
[Round "5.4"]
[White "Martin Gonzalez, Angel"]
[Black "Munoz, Miguel"]
[Result "1/2-1/2"]
[WhiteElo "2291"]
[BlackElo "2462"]
[Annotator "ChessBase"]
[PlyCount "86"]
[EventDate "2021.04.05"]
[EventType "tourn"]
[EventCountry "ESP"]
[SourceTitle "playchess.com"]
[Source "ChessBase"]
[SourceQuality "1"]
[TimeControl "5400+30"]

1. e4 d5 2. exd5 Qxd5 3. Nc3 Qa5 4. d4 Nf6 5. Nf3 Bg4 6. h3 Bxf3 7. Qxf3 c6 8. Bd2 Nbd7 9. O-O-O e6 10. Bc4 Bb4 11. a3 Bxc3 12. Bxc3 Qc7 13. g4 Nd5 14. Bd2 b5 15. Bb3 a5 16. h4 N7b6 17. h5 b4 18. a4 h6 19. g5 hxg5 20. Bxg5 f6 21. Bd2 O-O-O 22. Qe2 Rhe8 23. Qa6+ Kd7 24. Rdg1 Re7 25. Kb1 Ra8 26. Qd3 Kc8 27. Rg4 Kb7 28. Qf3 Rd8 29. Rhg1 Rdd7 30. Re4 c5 31. dxc5 Qxc5 32. Be3 Qc6 33. Bxb6 Nxb6 34. Qe2 e5 35. f4 Nxa4 36. Bxa4 Qxa4 37. fxe5 Qc6 38. e6 Rd6 39. Re1 Qd5 40. b3 Qc6 41. Qe3 Qd5 42. Qe2 Qc6 43. Qe3 Qd5 1/2-1/2

[Event "XIII Closed IM BCC 2021"]
[Site "Barcelona"]
[Date "2021.04.09"]
[Round "5.5"]
[White "Asis Gargatagli, Hipolito"]
[Black "Droin, Augustin"]
[Result "1-0"]
[WhiteElo "2454"]
[BlackElo "2292"]
[Annotator "ChessBase"]
[PlyCount "51"]
[EventDate "2021.04.05"]
[EventType "tourn"]
[EventCountry "ESP"]
[SourceTitle "playchess.com"]
[Source "ChessBase"]
[SourceQuality "1"]
[TimeControl "5400+30"]

1. e4 {[%emt 0:00:00]} c6 {[%emt 0:00:00]} 2. d4 {[%emt 0:00:00]} d5 {[%emt 0:00:00]} 3. f3 {[%emt 0:00:00]} Qb6 {[%emt 0:00:31]} 4. Nc3 {[%emt 0:00:10]} dxe4 {[%emt 0:00:32]} 5. Bc4 {[%emt 0:00:25]} Nf6 {[%emt 0:00:12]} 6. Bb3 {[%emt 0:00:20]} Nbd7 {[%emt 0:05:05]} 7. Nxe4 {[%emt 0:11:58]} Nxe4 {[%emt 0:13:26]} 8. fxe4 {[%emt 0:00:26]} c5 {[%emt 0:00:11]} 9. Nh3 {[%emt 0:22:01]} e6 {[%emt 0:12:02]} 10. O-O {[%emt 0:03:09]} Be7 {[%emt 0:10:58]} 11. Bg5 {[%emt 0:15:38]} Qd6 {[%emt 0:11:31]} 12. c3 {[%emt 0:01:37]} cxd4 {[%emt 0:00:21]} 13. cxd4 {[%emt 0:00:16]} f6 {[%emt 0:14:32]} 14. Be3 {[%emt 0:06:38]} g6 {[%emt 0:07:57]} 15. Nf4 {[%emt 0:10:50]} Nf8 {[%emt 0:02:07]} 16. Rc1 {[%emt 0:01:32]} Bd7 {[%emt 0:02:25]} 17. Nd3 {[%emt 0:03:31]} f5 {[%emt 0:05:25]} 18. Ne5 {[%emt 0:06:52]} Bb5 {[%emt 0:00:59]} 19. exf5 {[%emt 0:01:01]} Bxf1 {[%emt 0:00:31]} 20. Qxf1 {[%emt 0:00:05]} Nd7 {[%emt 0:02:57]} 21. fxg6 {[%emt 0:03:51]} hxg6 {[%emt 0:02:43]} 22. Ba4 {[%emt 0:02:53]} Rf8 {[%emt 0:00:09]} 23. Qd3 {[%emt 0:00:12]} Rf5 {[%emt 0:00:37]} 24. Bxd7+ {[%emt 0:00:08]} Kd8 {[%emt 0:00:42]} 25. Qb3 {[%emt 0:03:17]} Rb8 {[%emt 0:01:36]} 26. Qxb7 {[%emt 0:01:37]} 1-0

[Event "XIII Closed IM BCC 2021"]
[Site "Barcelona"]
[Date "2021.04.10"]
[Round "6.1"]
[White "Rodriguez Garcia, Yuliesky"]
[Black "Droin, Augustin"]
[Result "0-1"]
[WhiteElo "2175"]
[BlackElo "2292"]
[Annotator "TA"]
[PlyCount "143"]
[EventDate "2021.04.05"]
[EventType "tourn"]
[EventCountry "ESP"]
[SourceTitle "playchess.com"]
[Source "ChessBase"]
[SourceQuality "1"]

{[%evp 14,143,10,-25,-36,-83,-89,-120,15,-66,-37,-54,0,-102,-64,-100,-103,-115,-114,-118,-111,-118,-118,-143,-105,-177,-144,-183,-126,-134,-122,-130,-130,-133,-126,-137,-124,-248,-218,-182,-169,-279,-244,-442,-447,-443,-425,-540,-432,-433,-433,-571,-711,-637,-683,-683,-530,-564,-408,-416,-181,-393,-363,-334,0,-408,-404,-483,-326,-405,-332,-329,-206,-172,0,-264,-127,-127,-128,-128,-114,-218,-218,-194,-181,-618,-616,-616,-616,-602,-581,-528,-479,-447,-433,-566,-551,-474,-419,-630,-607,-1260,-1225,-1206,-1268,-1285,-836,-784,-587,-1166,-1150,-860,-588,-2116,-1614,-2436,-1837,-29975,-29976,-29977,-29978,-29980,-29981,-29981,-29981,-29980,-29981,-29986,-29987,-29998,-29999,-29999]} 1. d4 d5 2. Nf3 Nf6 3. e3 e6 4. c4 c6 5. Qc2 Nbd7 6. Nc3 Bd6 7. g4 h6 8. Rg1 {8.h3 is not played anymore.} e5 {D45: Semi-Slav: 5 e3.} 9. g5 hxg5 10. Nxg5 e4 (10... Rxh2 $6 11. cxd5 exd4 12. Nxf7 $11) (10... Qe7 $17 11. Kd1 Rxh2) 11. cxd5 (11. Bd2 $11) 11... cxd5 $15 12. Nb5 Bb8 {[#]} (12... Bxh2 $6 13. Rh1 $14) (12... Nb6 $1 $15) 13. Qa4 $146 (13. Bd2 $11 {keeps the balance.}) ({Predecessor:} 13. Bd2 Nb6 14. Qc5 Bd7 15. Nd6+ Bxd6 16. Qxd6 Qb8 17. Qe5+ Qxe5 18. dxe5 Rxh2 19. exf6 gxf6 20. Nxe4 dxe4 {½-½ (30) Rapport,R (2752)-Ragger,M (2697) Baku 2016}) 13... O-O ({Much worse is} 13... Rxh2 $6 14. Bd2 $11) 14. h4 a6 $36 {[%mdl 2048] White is under strong pressure.} 15. Nc3 b5 16. Qd1 Nb6 17. f4 b4 18. Nb1 Bf5 19. h5 (19. a3 $17) 19... Bd6 20. Nd2 Be7 (20... a5 $19 21. Qe2 Rc8) 21. Qe2 $17 Nh7 {[%cal Rh7g5]} 22. Qg2 Nxg5 23. fxg5 a5 {[%cal Ba6a5,Ba5a4][%mdl 32]} 24. Be2 Rc8 25. Bd1 (25. Nb3 $17) 25... a4 26. Nf1 Bd7 27. Nh2 (27. b3 {was called for.}) 27... Nc4 28. Bg4 $2 (28. b3 {was forced.} Na3 29. h6) 28... b3 $19 29. Bxd7 Qxd7 30. axb3 axb3 31. Ng4 Bxg5 32. Ne5 Nxe5 33. dxe5 Bh6 34. Bd2 Ra8 35. Rd1 Qe6 36. Bc3 Rfd8 (36... Rfc8 $142 {aiming for ...Rxc3!} 37. Bd4 Rc2) 37. Rf1 $2 (37. Qg4) 37... Kh7 (37... Bxe3 38. Rf6 $11) 38. Qf2 Kg8 39. Qg2 $1 {And now Rf6 would win.} Kh8 ({Weaker is} 39... Bxe3 40. Rf6 $11) 40. Qf2 Rd7 41. Qg3 Rda7 42. Kf2 Qf5+ 43. Kg2 Qe6 (43... Qxh5 $19 {White must now prevent ...Ra6.} 44. Rxd5 Ra1 45. Rd8+ Rxd8 46. Rxa1 Kg8) 44. Rf2 $2 {[%mdl 8192] [#]} (44. Kf2 $1 $11 {and White stays safe.}) 44... Ra1 (44... Bxe3 $1 $19 {[%mdl 512] has better winning chances.} 45. h6 Bxh6) 45. Rdf1 $17 Rxf1 46. Rxf1 Ra7 47. Rg1 {[#]} (47. Rc1 $17 {keeps fighting.}) 47... Qf5 $1 $19 48. e6 Kh7 ({Worse is} 48... fxe6 49. Qb8+ Kh7 50. Qxa7 $11) 49. exf7 $2 (49. Bd4 Rb7 50. exf7 Rxf7 51. Qg6+ Qxg6+ 52. hxg6+ Kxg6 53. Rc1) 49... Rxf7 50. Qg6+ Qxg6+ 51. hxg6+ Kxg6 {[%mdl 4096] Endgame KRB-KRB} 52. Rd1 Rd7 53. Kf2 Bg5 54. Ra1 Bf6 55. Ra6 Rb7 56. Ke2 (56. Rd6 $142 Rb5 57. Kg3) 56... Kf5 {Threatens to win with ...Bxc3.} 57. Kd2 Rc7 58. Rb6 Bxc3+ 59. bxc3 {KR-KR} Ra7 60. Rxb3 Ra2+ 61. Kd1 Ra5 62. Rb8 g5 63. Ke2 Kg4 64. Rd8 Kg3 65. c4 Ra2+ {Black mates.} 66. Kd1 dxc4 67. Rg8 g4 68. Rf8 Rf2 69. Rc8 Kf3 70. Rxc4 g3 71. Ke1 g2 {[%cal Rg2g1]} 72. Rc5 {Weighted Error Value: White=0.62/Black=0.52} 0-1

[Event "XIII Closed IM BCC 2021"]
[Site "Barcelona"]
[Date "2021.04.10"]
[Round "6.2"]
[White "Munoz, Miguel"]
[Black "Asis Gargatagli, Hipolito"]
[Result "1/2-1/2"]
[WhiteElo "2462"]
[BlackElo "2454"]
[Annotator "TA"]
[PlyCount "33"]
[EventDate "2021.04.05"]
[EventType "tourn"]
[EventCountry "ESP"]
[SourceTitle "playchess.com"]
[Source "ChessBase"]
[SourceQuality "1"]

{[%evp 9,20,8,9,8,20,0,6,0,2,0,7,-2,0]} 1. e4 e5 2. Nf3 Nc6 3. Bb5 Nf6 4. Bxc6 dxc6 5. d3 Nd7 {The position is equal.} 6. O-O {C65: Ruy Lopez: Berlin Defence (3...Nf6), unusual lines and 4 0-0 Bc5.} Be7 7. b3 O-O 8. Bb2 f6 9. Nbd2 Re8 10. Nc4 Bf8 {[#] A rather calm draw.  Weighted Error Value: White=0.08/Black=0.03} {Predecessor:} 11. Kh1 $146 Nc5 12. Ng1 a5 13. a4 Ne6 14. Ne2 c5 15. f4 exf4 16. Nxf4 Nd4 17. Ne3 {½-½ (83) Quparadze,G (2481)-Leko,P (2693) Doha 2016} 1/2-1/2

[Event "XIII Closed IM BCC 2021"]
[Site "Barcelona"]
[Date "2021.04.10"]
[Round "6.3"]
[White "Martin Barcelo, Carles"]
[Black "Martin Gonzalez, Angel"]
[Result "1/2-1/2"]
[WhiteElo "2201"]
[BlackElo "2291"]
[Annotator "TA"]
[PlyCount "56"]
[EventDate "2021.04.05"]
[EventType "tourn"]
[EventCountry "ESP"]
[SourceTitle "playchess.com"]
[Source "ChessBase"]
[SourceQuality "1"]

{[%evp 14,56,31,18,22,10,61,64,127,58,102,102,102,102,102,101,91,91,103,92,87,-14,-2,-6,0,-27,0,0,0,-29,-29,-40,0,0,5,0,5,0,0,0,0,8,8,4,6]} 1. e4 c5 2. Nf3 d6 3. Bb5+ Nd7 4. d4 Ngf6 5. O-O a6 6. Bxd7+ Nxd7 7. Nc3 e6 8. dxc5 Nxc5 {B51: Sicilian: Moscow Variation (3 Bb5+) without 3...Bd7.} 9. Bf4 b5 (9... Qc7 $11) 10. b4 $14 Nb7 {[#]} (10... Na4 $14 11. Nxa4 bxa4) 11. Bg5 $146 ({White should play} 11. a4 $16) ({Predecessor:} 11. Qd3 Bd7 12. a4 bxa4 13. Nxa4 a5 14. Be3 axb4 15. Nb6 Rb8 16. Rfd1 Bc6 17. Qc4 {1-0 (29) Abdullin,R (2095)-Amirkhanov,R (2291) Kazan 2008}) 11... Be7 12. Bxe7 Qxe7 13. a4 bxa4 14. Nxa4 Qc7 15. Qd4 O-O 16. Nb6 Rb8 17. Rfc1 (17. Rfb1 $16) 17... a5 $1 $11 18. bxa5 {[#]} Nxa5 $1 {...Nc6 is the strong threat.} 19. Rxa5 {Black must now prevent Rb5.} (19. Rcb1 {is interesting.} e5 20. Qe3 Nc4 21. Nd5 Nxe3 22. Nxc7 Rxb1+ 23. Rxb1 Nxc2 24. Nd2) 19... Qxb6 (19... e5 {keeps more tension.} 20. Qc4 Qxb6 21. Qa4 Qc7 22. Ra7 Rb7) 20. Qxb6 Rxb6 21. e5 Bb7 22. Nd4 Rc8 23. Rb5 {The position is equal.} Rxb5 24. Nxb5 Rc5 $1 {[%cal Rc5b5]} ({But not} 24... dxe5 $6 25. Nd6 $16) 25. Nxd6 Bc6 26. f4 g5 27. g3 {White wants to play c4.} gxf4 28. gxf4 {Threatening c4.} Rc3 {Weighted Error Value: White=0.19/Black=0.13} 1/2-1/2

[Event "XIII Closed IM BCC 2021"]
[Site "Barcelona"]
[Date "2021.04.10"]
[Round "6.4"]
[White "Martinez Fernandez, Adrian"]
[Black "Ruperez, Miguel"]
[Result "1-0"]
[WhiteElo "2369"]
[BlackElo "2121"]
[Annotator "TA"]
[PlyCount "135"]
[EventDate "2021.04.05"]
[EventType "tourn"]
[EventCountry "ESP"]
[SourceTitle "playchess.com"]
[Source "ChessBase"]
[SourceQuality "1"]

{[%evp 9,135,16,10,0,0,-4,0,0,0,-26,-31,-38,-14,-52,-45,-47,-59,-50,0,-6,47,8,31,8,45,39,82,80,80,56,64,13,18,0,0,0,0,0,0,0,0,0,0,0,0,0,0,0,0,0,0,0,0,0,0,0,0,0,0,0,0,0,0,0,0,0,0,0,34,-11,62,62,62,62,62,62,336,305,328,284,324,297,313,135,133,0,284,284,298,98,525,0,395,0,519,514,479,98,98,61,61,61,61,61,65,61,73,80,539,477,612,477,1175,1114,1281,1277,1224,1222,1623,1665,29984,29985,29985,29986,29986,29987,29987,29988]} 1. Nf3 Nf6 2. c4 e6 3. g3 a6 4. Bg2 b5 5. Nd4 c6 6. cxb5 {A13: English Opening: 1...e6.} axb5 7. Nxb5 cxb5 8. Bxa8 {The position is equal.} d5 $1 9. Qc2 (9. b4 $5 {[%cal Ra2a4]} Bxb4 10. Qb3 $11) 9... Bd7 $1 10. O-O Qb6 11. d4 (11. d3 $5 {[%cal Rc1f4]}) 11... Qa7 {[#]} 12. Nc3 $146 ({Predecessor:} 12. Bf4 Qxa8 13. Qc7 Nc6 14. e3 Bb4 15. Bd6 Ba5 {0-1 (15) Halliday,L (2151)-Warner,D (2217) Bridgetown 2003}) 12... Qxa8 13. Nxb5 Qc6 (13... Na6 {keeps more tension.} 14. a4 Be7 15. Bf4 O-O 16. Rfc1 Ne8) 14. Qxc6 Bxc6 (14... Nxc6 $11 15. a4 Be7) 15. Nc3 Bb4 16. Bf4 Kd7 17. Rfc1 Ne4 18. Nxe4 dxe4 19. a3 Be7 20. b4 (20. h4 $14) 20... g5 $1 $11 {[%cal Rg5f4] [#]} 21. b5 $1 {Strongly threatening Bxb8.} gxf4 22. bxc6+ Nxc6 23. gxf4 Bd6 ({Much worse is} 23... Nxd4 $6 24. Rd1 $16) 24. e3 Ra8 25. a4 Nb4 26. Rc4 Nd5 27. Rb1 Ra7 28. Rb5 f5 29. Kg2 Bc7 30. Rb1 Nb6 31. Rcb4 Nd5 32. Rc4 Nb6 33. Rcb4 Kc6 34. Rc1+ Kd6 35. Ra1 Ra5 36. Rb5 Ra6 37. Kg3 Kd7 38. a5 Nc4 39. d5 {And now dxe6+ would win.} Rxa5 (39... e5 $11) 40. dxe6+ Kxe6 41. Raxa5 Nxa5 42. Rc5 Bd8 {[%mdl 8192]} (42... Bb6 $1 $14 43. Re5+ Kf6) 43. Re5+ $18 Kf6 44. Rd5 Bc7 45. Rd7 Bb8 46. Rd8 (46. Rxh7 $18 {and the rest is easy. Hoping for Rh6+.} Kg6 47. Rh8) 46... Bc7 $16 {[#]} 47. Rd7 (47. Ra8 $1 $16) 47... Bb8 $18 48. Rxh7 Nc4 {[#]} 49. Rh6+ $2 (49. Rh8 $1 $18 {[%cal Rh8b8]} Bd6 50. Rc8) 49... Ke7 $2 {[%mdl 8192]} (49... Kg7 $16 50. Ra6 Nd6) 50. Rh7+ $2 ({Only move:} 50. Kh4 $18) 50... Ke6 $2 {[%mdl 8192]} (50... Kf6 $1 $11 {and Black is okay.}) 51. Rh6+ Ke7 $1 52. Kh4 Nd6 53. Rh8 $2 (53. Kh5 $18 {is the precise move to win.}) 53... Bc7 $16 54. Kh5 {Threatens to win with Rh7+.} Ba5 $1 55. Ra8 Be1 56. Ra2 {aiming for Kg6.} Kf6 57. Re2 Bc3 58. Rc2 Bb4 {[%mdl 8192]} (58... Ba5 $16) 59. Rc6 $18 Ba3 60. Kh6 Ke7 (60... Kf7 $142 61. Kg5 Nb7 62. Kxf5 Nd6+ 63. Ke5 Ne8 64. Kxe4 Ng7 65. Rc7+ Be7) 61. Kg6 Kd7 62. Rc2 Ke6 63. h4 Ke7 64. h5 Kf8 65. h6 {White mates.} Bb4 66. h7 Nf7 67. Rc8+ Ke7 68. Rc7+ {Weighted Error Value: White=0.55/Black=0.55} 1-0

[Event "XIII Closed IM BCC 2021"]
[Site "Barcelona"]
[Date "2021.04.10"]
[Round "6.5"]
[White "Benedetti, Julio"]
[Black "Boyer, Mahel"]
[Result "1-0"]
[WhiteElo "2282"]
[BlackElo "2333"]
[Annotator "TA"]
[PlyCount "67"]
[EventDate "2021.04.05"]
[EventType "tourn"]
[EventCountry "ESP"]
[SourceTitle "playchess.com"]
[Source "ChessBase"]
[SourceQuality "1"]

{[%evp 13,67,10,18,13,31,39,53,52,51,36,50,25,35,30,126,122,123,106,125,123,233,240,248,231,315,287,293,297,311,299,299,301,297,299,297,302,463,453,458,451,452,434,419,417,618,602,1146,1095,29986,29987,29988,29989,29989,29990,29990,29988]} 1. e4 {Psakhis,L} e6 2. d4 d5 3. Nd2 a6 4. Ngf3 c5 5. exd5 exd5 6. dxc5 Bxc5 7. Nb3 Bb6 8. Bg5 {is the legacy move (8.Bd3). C08: French Tarrasch: 3...c5 4 exd5 exd5 sidelines.} Nf6 9. Qe2+ Be6 10. Nfd4 {White is slightly better.} Qe7 11. O-O-O Nc6 12. Nxc6 bxc6 13. Nd4 {[#]} c5 $146 (13... Bxd4 $11 {keeps the balance.} 14. Rxd4 h6) ({Predecessor:} 13... Bxd4 14. Rxd4 h6 15. Bh4 g5 16. Bg3 Ne4 17. f3 Nxg3 18. hxg3 Qf6 19. Ra4 O-O {1-0 (54) Socko,B (2615)-Kiriakov,P (2571) Saint Vincent 2005 CBM 110 [Psakhis,L]}) 14. Nxe6 $16 fxe6 15. Bxf6 gxf6 16. g3 $1 f5 {[#]} (16... O-O-O $16) 17. Bg2 $1 $18 Kf7 {[#]} 18. c4 $1 {[%cal Rc4d5]} d4 19. Bxa8 Rxa8 20. Qh5+ Kg7 21. g4 Qf7 22. Qg5+ Qg6 23. Qe7+ Qf7 24. Qd6 Bc7 (24... Qc7 {might work better.} 25. Qg3 (25. Qxe6 Qf4+ 26. Kc2 Qe4+ 27. Qxe4 fxe4 $18) 25... f4) 25. Qxc5 Bf4+ 26. Kb1 e5 27. gxf5 Qxf5+ 28. Ka1 Re8 {[#]} (28... Qd7 $142 29. Rhg1+ Kh8) 29. Rxd4 $1 {[%mdl 576] Pin} Kf7 (29... Kh8 30. Rd6) 30. Rd6 Qe4 31. Rd7+ {White mates.} Ke6 32. Qd6+ Kf5 33. Rf7+ Kg4 34. Qd7+ {Black got outplayed after the opening.  Weighted Error Value: White=0.03/Black=0.69} 1-0